|
|
|
|
| LEADER |
00000nam a2200000 a 4500 |
| 001 |
1/126935 |
| 008 |
230627s2012####gr | ||| |||| ||gre|| |
| 020 |
|
|
|a 9789609527514
|
| 040 |
|
|
|a GR-MyUa
|b gre
|c GR-MyUa
|e AACR2
|
| 041 |
0 |
|
|a gre
|
| 082 |
7 |
|
|a 808.899282
|2 (23)
|
| 100 |
1 |
|
|a Δημητρακόπουλος, Αντώνης.
|
| 245 |
1 |
0 |
|a Δροσοσταλίδα /
|c Αντώνης Δημητρακόπουλος ; εικονογράφηση : Έρση Σπαθοπούλου.
|
| 260 |
|
|
|a Αθήνα :
|b Ίκαρος,
|c 2012.
|
| 300 |
|
|
|a [14 σ.] :
|b εγχρωμ. εικ. ;
|c 29 εκ.
|
| 650 |
|
0 |
|a Children's literature
|x Illustrations.
|
| 650 |
|
0 |
|a Illustrated children's books.
|
| 650 |
|
0 |
|a Children's literature.
|
| 650 |
|
0 |
|a Storytelling.
|
| 970 |
|
|
|a Σιδερή
|b Νεκταρία
|z 27-06-2023
|